[Event "DRUGA LIGA CENTRALNE SRBIJE - Zapad"]
[Site "Vrnjacka banja"]
[Date "2013.??.??"]
[Round "1.1"]
[White "Jevdjovic, Milorad"]
[Black "Brkljaca, Ante"]
[Result "1/2-1/2"]
[WhiteElo "2260"]
[BlackElo "2322"]
[PlyCount "37"]
[EventDate "2013.10.10"]

1. e4 e6 2. Nf3 c5 3. g3 Nc6 4. Bg2 Nf6 5. d3 d5 6. e5 Nd7 7. Qe2 Be7 8. h4 h6
9. Bf4 b6 10. Nbd2 Bb7 11. g4 Qc7 12. Bg3 b5 13. O-O c4 14. d4 h5 15. g5 g6 16.
c3 Kf8 17. Ne1 Nb6 18. Nc2 Bd8 19. f4 1/2-1/2

[Event "DRUGA LIGA CENTRALNE SRBIJE - Zapad"]
[Site "Vrnjacka banja"]
[Date "2013.??.??"]
[Round "1.1"]
[White "Ilic, Dragan M"]
[Black "Sevic, Slobodan"]
[Result "1-0"]
[WhiteElo "2374"]
[BlackElo "2162"]
[PlyCount "56"]
[EventDate "2013.10.10"]

1. d4 c5 2. d5 e6 3. c4 exd5 4. cxd5 d6 5. Nc3 Nf6 6. e4 g6 7. f4 Bg7 8. Bb5+
Nfd7 9. a4 O-O 10. Nf3 a6 11. Bc4 Nb6 12. Ba2 Bg4 13. O-O N8d7 14. h3 Bxf3 15.
Qxf3 Qc7 16. e5 dxe5 17. f5 Nf6 18. Bg5 Nbd7 19. fxg6 hxg6 20. d6 Qxd6 21. Rad1
Qc7 22. Ne4 Nh5 23. Bxf7+ Kh8 24. Qg4 Ndf6 25. Rxf6 Rxf7 26. Rxg6 Nf4 27. Bxf4
exf4 28. Rd5 Bd4+ 1-0

[Event "DRUGA LIGA CENTRALNE SRBIJE - Zapad"]
[Site "Vrnjacka banja"]
[Date "2013.??.??"]
[Round "1.1"]
[White "Kiproski, Branislav**"]
[Black "Stojanovic, Dobrisav"]
[Result "0-1"]
[WhiteElo "2099"]
[BlackElo "2355"]
[PlyCount "58"]
[EventDate "2013.10.10"]

1. d4 d5 2. c4 c6 3. Nf3 Nf6 4. e3 a6 5. Nc3 b5 6. c5 Bg4 7. Qb3 Nbd7 8. a4 e5
9. Qa3 Rc8 10. axb5 axb5 11. dxe5 Bxf3 12. exf6 Bh5 13. b4 Nxf6 14. Nxb5 cxb5
15. Bxb5+ Ke7 16. Qc3 Qc7 17. Ra6 Bg4 18. Bb2 Bd7 19. c6 Be6 20. Qa3 Ke8 21. f4
Ne4 22. Be5 Bd6 23. Ra7 Bxb4+ 24. Qxb4 Qxa7 25. c7+ Bd7 26. Ke2 Qa2+ 27. Bb2
Rxc7 28. Bd3 Bg4+ 29. Kf1 Rc1+ 0-1

[Event "DRUGA LIGA CENTRALNE SRBIJE - Zapad"]
[Site "Vrnjacka banja"]
[Date "2013.??.??"]
[Round "1.1"]
[White "Gosic, Bogdan"]
[Black "Gavrilovic, Vasilije"]
[Result "1/2-1/2"]
[WhiteElo "2281"]
[BlackElo "2114"]
[PlyCount "72"]
[EventDate "2013.10.10"]

1. e4 c6 2. d4 d5 3. Nc3 dxe4 4. Nxe4 Bf5 5. Ng3 Bg6 6. Nf3 Nd7 7. h4 h6 8. h5
Bh7 9. Bd3 Bxd3 10. Qxd3 Ngf6 11. Bf4 e6 12. O-O-O Nd5 13. Bd2 Qc7 14. c4 N5f6
15. Qe2 Bd6 16. Nf5 O-O-O 17. Nxd6+ Qxd6 18. g3 Rhe8 19. Bf4 Qe7 20. Ne5 c5 21.
g4 cxd4 22. Rxd4 Nc5 23. Rhd1 Rxd4 24. Rxd4 Rd8 25. Qe3 Rxd4 26. Qxd4 b6 27.
Kc2 Kb7 28. Qe3 Ncd7 29. Qf3+ Ka6 30. Nc6 Qc5 31. Kb3 b5 32. Nb4+ Ka5 33. Nc6+
Ka6 34. Nb4+ Ka5 35. Nc6+ Ka6 36. Nb4+ Ka5 1/2-1/2

[Event "DRUGA LIGA CENTRALNE SRBIJE - Zapad"]
[Site "Vrnjacka banja"]
[Date "2013.??.??"]
[Round "1.1"]
[White "Markovic, Aleksandar**"]
[Black "Zivkovic, Vladislav"]
[Result "1/2-1/2"]
[WhiteElo "2140"]
[BlackElo "2192"]
[PlyCount "40"]
[EventDate "2013.10.10"]

1. e4 c6 2. d4 d5 3. e5 Bf5 4. h4 h5 5. c4 dxc4 6. Bxc4 e6 7. Nc3 Nd7 8. Nge2
Nb6 9. Bd3 Bxd3 10. Qxd3 Ne7 11. Bg5 Qd7 12. Ng3 Ned5 13. Nxd5 Nxd5 14. O-O f6
15. Bd2 f5 16. Ne2 Be7 17. Qg3 O-O-O 18. Rfd1 Rdg8 19. Bg5 Qd8 20. f4 Bxg5
1/2-1/2

[Event "DRUGA LIGA CENTRALNE SRBIJE - Zapad"]
[Site "Vrnjacka banja"]
[Date "2013.??.??"]
[Round "1.1"]
[White "Jovanovic, Bojan P**"]
[Black "Dinov, Zoran"]
[Result "1/2-1/2"]
[WhiteElo "2220"]
[BlackElo "2222"]
[PlyCount "42"]
[EventDate "2013.10.10"]

1. d4 Nf6 2. Nf3 g6 3. Bg5 Bg7 4. Nbd2 c5 5. e3 cxd4 6. exd4 O-O 7. Bd3 d5 8.
O-O Nc6 9. c3 Qd6 10. Re1 Bf5 11. Bxf5 gxf5 12. Nh4 e6 13. Re3 Ne7 14. Bxf6
Bxf6 15. Qh5 Ng6 16. Ndf3 Qf4 17. g3 Qg4 18. Qxg4 fxg4 19. Nxg6 hxg6 20. Ne5
Bxe5 21. dxe5 Kg7 1/2-1/2

[Event "DRUGA LIGA CENTRALNE SRBIJE - Zapad"]
[Site "Vrnjacka banja"]
[Date "2013.??.??"]
[Round "1.1"]
[White "Baralic, Milan"]
[Black "Lazic, Dragoljub"]
[Result "1/2-1/2"]
[WhiteElo "2147"]
[BlackElo "2266"]
[PlyCount "99"]
[EventDate "2013.10.10"]

1. Nf3 Nf6 2. d4 g6 3. g3 Bg7 4. Bg2 O-O 5. O-O d6 6. Re1 Nbd7 7. e4 e5 8. Nc3
c6 9. h3 Re8 10. Be3 a5 11. Qd2 a4 12. a3 Qa5 13. Rad1 Nb6 14. Qd3 Nfd7 15. d5
cxd5 16. Nxd5 Nxd5 17. Qxd5 Nf6 18. Qxa5 Rxa5 19. Bd2 Rc5 20. Bc3 Bf8 21. Re2
Be6 22. Ne1 Rec8 23. Bb4 R5c6 24. c3 Bb3 25. Nc2 Ne8 26. Ra1 Bh6 27. Ne3 Nc7
28. Ng4 Bg7 29. Rd2 Na6 30. Ne3 Bh6 31. Re2 Nc5 32. Rd2 Bxe3 33. fxe3 b6 34.
Bf3 Kf8 35. Rf1 Ke7 36. g4 g5 37. h4 Ne6 38. Be2 gxh4 39. Bb5 Ng5 40. Rf5 f6
41. Bxc6 Rxc6 42. Rh2 Be6 43. Kf1 h3 44. Rxg5 fxg5 45. Rxh3 Bxg4 46. Rxh7+ Kf6
47. Rh6+ Kg7 48. Rxd6 Rxd6 49. Bxd6 Kf6 50. Kf2 1/2-1/2

[Event "DRUGA LIGA CENTRALNE SRBIJE - Zapad"]
[Site "Vrnjacka banja"]
[Date "2013.??.??"]
[Round "1.1"]
[White "Popovic, Milan S**"]
[Black "Puaca, Goran"]
[Result "1/2-1/2"]
[WhiteElo "2178"]
[BlackElo "2151"]
[PlyCount "120"]
[EventDate "2013.10.10"]

1. e4 c5 2. Nf3 e6 3. d3 Nc6 4. g3 g6 5. Bg2 Bg7 6. O-O Nge7 7. c3 d5 8. Qe2 b6
9. e5 Ba6 10. Re1 Qc7 11. Bf4 h6 12. h4 c4 13. dxc4 Bxc4 14. Qd1 O-O 15. Nbd2
Ba6 16. Nf1 Bxf1 17. Bxf1 Rfd8 18. Qd2 Kh7 19. Bd3 Na5 20. h5 Nc4 21. Qc2 Kg8
22. hxg6 fxg6 23. Bxg6 Nxg6 24. Qxg6 Qf7 25. Qc2 Rac8 26. Kg2 d4 27. Qe4 d3 28.
b3 Na3 29. Rh1 Qf5 30. Qxf5 exf5 31. c4 b5 32. cxb5 Rc2 33. Ne1 Re2 34. Rd1
Bxe5 35. Bxe5 Rxe5 36. Rxd3 Rxd3 37. Nxd3 Rd5 38. Nf4 Rd6 39. Rh5 Nxb5 40. Rxf5
Nc3 41. Ra5 Rd2 42. a3 Nd1 43. Rxa7 Rxf2+ 44. Kh3 Rb2 45. b4 Nf2+ 46. Kg2 Ne4+
47. Kf3 Ng5+ 48. Kg4 Rb3 49. Ra5 Ne4 50. Nh5 Kf7 51. b5 Nc3 52. a4 Rb4+ 53. Kf5
Rxa4 54. Rxa4 Nxa4 55. Nf4 Nb6 56. Ke5 Na4 57. Nd5 Kg6 58. b6 Nxb6 59. Nxb6 Kg5
60. Nc4 Kg4 1/2-1/2

[Event "DRUGA LIGA CENTRALNE SRBIJE - Zapad"]
[Site "Vrnjacka banja"]
[Date "2013.??.??"]
[Round "1.2"]
[White "Misailovic, Nebojsa"]
[Black "Milosevic, Boban"]
[Result "0-1"]
[WhiteElo "2306"]
[BlackElo "2273"]
[PlyCount "78"]
[EventDate "2013.10.10"]

1. e4 e5 2. Nf3 Nc6 3. Bb5 Nf6 4. d3 d6 5. c3 g6 6. d4 exd4 7. cxd4 a6 8. Ba4
Bg7 9. e5 dxe5 10. Nxe5 O-O 11. Nxc6 bxc6 12. Bxc6 Rb8 13. O-O Ng4 14. h3 Qd6
15. hxg4 Qxc6 16. Nc3 Bb7 17. d5 Qd7 18. Bf4 Ba8 19. Qd2 Rb4 20. Rfe1 Rfb8 21.
Be5 Qxg4 22. Bxg7 Kxg7 23. Rad1 Rxb2 24. Qe3 h5 25. Qe5+ Kh6 26. Qxc7 R2b7 27.
Qe5 Rd8 28. Rd4 Qf5 29. Qe3+ g5 30. Ra4 Qg6 31. f4 gxf4 32. Qxf4+ Kh7 33. Ne4
Rb2 34. Ng5+ Kg8 35. Rxa6 Qg7 36. Rf6 Bxd5 37. Rd1 Rxg2+ 38. Kf1 Qxg5 39. Qxg5+
Rxg5 0-1

[Event "DRUGA LIGA CENTRALNE SRBIJE - Zapad"]
[Site "Vrnjacka banja"]
[Date "2013.??.??"]
[Round "1.2"]
[White "Avramovic, Zoran"]
[Black "Pavlovic, Dejan S"]
[Result "0-1"]
[WhiteElo "2330"]
[BlackElo "2398"]
[PlyCount "88"]
[EventDate "2013.10.10"]

1. e4 c5 2. Nf3 Nc6 3. d3 g6 4. c3 Bg7 5. Qc2 Nf6 6. Be2 O-O 7. O-O d6 8. h3
Rb8 9. Bf4 b5 10. Bh2 Nd7 11. Rd1 b4 12. Nbd2 bxc3 13. bxc3 Qa5 14. Rac1 Ba6
15. Nb3 Qa3 16. Nfd2 Nb6 17. f4 Qa4 18. e5 Nd5 19. Nf1 Nxf4 20. exd6 exd6 21.
c4 Nb4 22. Qd2 Nxe2+ 23. Qxe2 Rfe8 24. Qd2 Nxa2 25. Ra1 Bxa1 26. Rxa1 Qxb3 27.
Rxa2 Rb6 28. Bf4 d5 29. Ne3 dxc4 30. dxc4 Bxc4 31. Rxa7 Be6 32. Bh6 Qb2 33. Qa5
Qb4 34. Ra8 Rxa8 35. Qxa8+ Rb8 36. Qf3 Qd4 37. Bf4 Re8 38. Qg3 c4 39. Be5 Qe4
40. Bf4 c3 41. Qg5 Bf5 42. g4 f6 43. Qh6 c2 44. Nxf5 Qe1+ 0-1

[Event "DRUGA LIGA CENTRALNE SRBIJE - Zapad"]
[Site "Vrnjacka banja"]
[Date "2013.??.??"]
[Round "1.2"]
[White "Ratkovic, Milovan**"]
[Black "Mircic, Ivan"]
[Result "1/2-1/2"]
[WhiteElo "2294"]
[BlackElo "2254"]
[PlyCount "108"]
[EventDate "2013.10.10"]

1. d4 d5 2. c4 e6 3. Nc3 Nf6 4. Nf3 Be7 5. Bg5 O-O 6. e3 Ne4 7. Bxe7 Qxe7 8.
Qc2 Nxc3 9. Qxc3 c6 10. Bd3 Nd7 11. O-O dxc4 12. Bxc4 b6 13. e4 Bb7 14. Rad1 c5
15. d5 exd5 16. Bxd5 Bxd5 17. Rxd5 Rfe8 18. h4 Rad8 19. Re1 Nf6 20. Re5 Qd7 21.
Rxe8+ Nxe8 22. Qe5 Nf6 23. Qf4 h6 24. e5 Nd5 25. Qc4 Nc7 26. b4 Qa4 27. Re4 Ne6
28. bxc5 Qxc4 29. Rxc4 Nxc5 30. Nd4 Rd5 31. f4 g5 32. hxg5 hxg5 33. g3 gxf4 34.
gxf4 Nd3 35. Nf5 Rc5 36. Rd4 Rc1+ 37. Kg2 Rd1 38. Kg3 Nb2 39. Rb4 Rd2 40. Kh4
Rc2 41. Rd4 Rc5 42. Kg5 Nc4 43. Nd6 Na5 44. Ne8 Rc8 45. Nf6+ Kf8 46. Rd7 Nc6
47. Ne4 Re8 48. Rc7 Re6 49. Nd6 Nxe5 50. fxe5 Rxe5+ 51. Kf4 Ra5 52. Rxf7+ Kg8
53. Rf5 Rxa2 54. Kg5 Ra5 1/2-1/2

[Event "DRUGA LIGA CENTRALNE SRBIJE - Zapad"]
[Site "Vrnjacka banja"]
[Date "2013.??.??"]
[Round "1.2"]
[White "Rancic, Zoran"]
[Black "Civric, Zdravko"]
[Result "0-1"]
[WhiteElo "2196"]
[BlackElo "2181"]
[PlyCount "95"]
[EventDate "2013.10.10"]

1. Nf3 c5 2. b3 Nc6 3. Bb2 d6 4. e4 e5 5. h3 Nf6 6. d3 Be7 7. g4 Nd7 8. Nc3 Nf8
9. Nd5 Ng6 10. Nxe7 Qxe7 11. Qd2 Nf4 12. O-O-O Be6 13. d4 cxd4 14. Nxd4 Nxd4
15. Bxd4 O-O 16. Be3 Rfd8 17. Bxf4 exf4 18. Qxf4 Rac8 19. Kb2 Qc7 20. c4 a5 21.
a4 b5 22. axb5 a4 23. Be2 axb3 24. Ra1 Qc5 25. Ra4 Qd4+ 26. Kxb3 d5 27. Qe3
dxc4+ 28. Kc2 Qe5 29. Rb1 Ra8 30. f4 Qb8 31. Ra6 Bc8 32. Rxa8 Qxa8 33. Bxc4 Bb7
34. Re1 Rc8 35. Kb3 Qa5 36. Qc3 Qb6 37. e5 Bd5 38. Bxd5 Rxc3+ 39. Kxc3 Qa5+ 40.
Kc4 Qxe1 41. b6 Qc1+ 42. Kb5 Qxf4 43. e6 fxe6 44. Bxe6+ Kf8 45. Bd5 Ke7 46. b7
Qc7 47. h4 Kd6 48. Be4 0-1

[Event "DRUGA LIGA CENTRALNE SRBIJE - Zapad"]
[Site "Vrnjacka banja"]
[Date "2013.??.??"]
[Round "1.2"]
[White "Pecinar, Zoran"]
[Black "Dragojevic, Leon*"]
[Result "1-0"]
[WhiteElo "2170"]
[BlackElo "1923"]
[PlyCount "63"]
[EventDate "2013.10.10"]

1. c4 Nf6 2. Nc3 g6 3. g3 Bg7 4. Bg2 c6 5. e4 d6 6. d4 O-O 7. Nf3 Bg4 8. h3
Bxf3 9. Qxf3 Nbd7 10. O-O e5 11. d5 a5 12. Be3 a4 13. Rfd1 Qc7 14. Qe2 h5 15.
b4 axb3 16. axb3 Nc5 17. Qb2 cxd5 18. Nxd5 Nxd5 19. cxd5 Rxa1 20. Rxa1 f5 21.
exf5 Rxf5 22. Qc2 e4 23. Ra8+ Kf7 24. Bxe4 Rf6 25. Bg5 Na6 26. Bxf6 Qxc2 27.
Bxc2 Bxf6 28. Ra7 Be5 29. Rxb7+ Kf8 30. Rd7 Bd4 31. Kg2 g5 32. Bd3 1-0

[Event "DRUGA LIGA CENTRALNE SRBIJE - Zapad"]
[Site "Vrnjacka banja"]
[Date "2013.??.??"]
[Round "1.2"]
[White "Rajkovic, Mladen**"]
[Black "Trpkovic, Miroljub"]
[Result "1-0"]
[WhiteElo "2053"]
[BlackElo "1950"]
[PlyCount "75"]
[EventDate "2013.10.10"]

1. e4 c5 2. Nf3 Nc6 3. Bb5 d6 4. O-O e6 5. c3 Bd7 6. d4 cxd4 7. cxd4 Nce7 8.
Bxd7+ Qxd7 9. Nc3 Ng6 10. d5 e5 11. Be3 Nf6 12. h3 Be7 13. Rc1 O-O 14. Qe2 Rfc8
15. Nd2 Bd8 16. Qb5 Qe7 17. Qb4 Nf4 18. Bxf4 exf4 19. Nb5 Rxc1 20. Rxc1 Ne8 21.
Nc4 a5 22. Qd2 g5 23. Re1 f6 24. a4 Ra6 25. Qe2 Nc7 26. Nd4 Ne8 27. Qg4 Ng7 28.
Qc8 Qc7 29. Qxc7 Bxc7 30. Rc1 Ne8 31. Ne6 Bb6 32. Rc3 Ba7 33. Rb3 b6 34. Na3
Bb8 35. Rc3 Ra8 36. Rc8 Kf7 37. Nd8+ Ke7 38. Nc6+ 1-0

[Event "DRUGA LIGA CENTRALNE SRBIJE - Zapad"]
[Site "Vrnjacka banja"]
[Date "2013.??.??"]
[Round "1.2"]
[White "Dorontic, Zoran"]
[Black "Knezevic, Veljko**"]
[Result "1/2-1/2"]
[WhiteElo "2071"]
[BlackElo "1873"]
[PlyCount "143"]
[EventDate "2013.10.10"]

1. e4 c5 2. Nf3 Nc6 3. Nc3 g6 4. d4 cxd4 5. Nxd4 Bg7 6. Be3 Nf6 7. Bc4 Qa5 8.
O-O O-O 9. h3 d6 10. Qd2 Bd7 11. Rad1 Nxd4 12. Bxd4 Bc6 13. Rfe1 Nd7 14. Bxg7
Kxg7 15. Kh1 Rac8 16. Bb3 Nc5 17. Bd5 Kg8 18. f4 Na4 19. Bxc6 bxc6 20. Nxa4
Qxa4 21. b3 Qa6 22. f5 Qb6 23. Qg5 Rfe8 24. Qh6 Qf2 25. Rc1 Qd4 26. e5 dxe5 27.
Re2 Qf4 28. Qxf4 exf4 29. fxg6 hxg6 30. Rd1 Rc7 31. Kg1 e5 32. Kf2 Kg7 33. Kf3
Kf6 34. Kg4 Re6 35. c4 Ke7 36. Red2 a5 37. c5 Rb7 38. Kg5 Rf6 39. Rd8 Rf5+ 40.
Kg4 e4 41. R8d4 Rb4 42. Rxb4 axb4 43. Re1 e3 44. g3 fxg3 45. Kxg3 Rxc5 46.
Rxe3+ Kf6 47. Re4 Rc3+ 48. Kg4 c5 49. Re2 g5 50. Re8 Rc2 51. Rc8 Ke6 52. Kxg5
Kd5 53. Ra8 Rg2+ 54. Kf4 Kd4 55. Ra7 Kc3 56. Ra5 Kb2 57. Rxc5 Kxa2 58. Kf3 Rg7
59. h4 Kxb3 60. h5 Kb2 61. Kf4 b3 62. h6 Rh7 63. Kg5 Kb1 64. Rf5 b2 65. Rf6 Kc2
66. Rc6+ Kd3 67. Rd6+ Kc4 68. Rb6 Kc3 69. Rc6+ Kb3 70. Rb6+ Kc3 71. Rc6+ Kb3
72. Rb6+ 1/2-1/2

[Event "DRUGA LIGA CENTRALNE SRBIJE - Zapad"]
[Site "Vrnjacka banja"]
[Date "2013.??.??"]
[Round "1.3"]
[White "Popovic, Nenad"]
[Black "Smolovic, Mile"]
[Result "1/2-1/2"]
[WhiteElo "2269"]
[BlackElo "2355"]
[PlyCount "43"]
[EventDate "2013.10.10"]

1. c4 Nf6 2. d4 g6 3. Nf3 Bg7 4. e3 O-O 5. Bd3 d6 6. Nc3 Re8 7. d5 c5 8. Qc2 e6
9. O-O Na6 10. a3 exd5 11. cxd5 Nc7 12. e4 Rb8 13. Bg5 h6 14. Bh4 Bg4 15. Nd2
b5 16. f3 Bd7 17. b4 Na6 18. Rab1 Rc8 19. bxc5 Rxc5 20. e5 Qc8 21. exf6 Rxc3
22. Qb2 1/2-1/2

[Event "DRUGA LIGA CENTRALNE SRBIJE - Zapad"]
[Site "Vrnjacka banja"]
[Date "2013.??.??"]
[Round "1.3"]
[White "Irizanin, Radoje"]
[Black "Lukic, Predrag"]
[Result "1-0"]
[WhiteElo "2318"]
[BlackElo "2238"]
[PlyCount "81"]
[EventDate "2013.10.10"]

1. d4 g6 2. Nf3 Bg7 3. Bf4 d6 4. e3 Nd7 5. h3 c6 6. Be2 Nh6 7. c4 e5 8. Bh2 O-O
9. Nc3 f5 10. Qc2 Qe7 11. O-O-O a6 12. d5 c5 13. g4 fxg4 14. hxg4 Nxg4 15. Bg3
Ndf6 16. Bd3 e4 17. Nxe4 Nxe4 18. Bxe4 Bf5 19. Bxf5 Rxf5 20. Nh4 Rh5 21. e4 b5
22. Nf5 Rxf5 23. exf5 bxc4 24. fxg6 Rb8 25. Rxh7 Qg5+ 26. f4 Qf6 27. Re1 Qxb2+
28. Qxb2 Bxb2+ 29. Kc2 Bd4 30. f5 Nf6 31. Bxd6 Rb2+ 32. Kc1 Nxh7 33. Re8+ Kg7
34. Re7+ Kf6 35. gxh7 Kg5 36. Re8 c3 37. Bxc5 Bg7 38. Rg8 Kh6 39. h8=Q+ Bxh8
40. Rxh8+ Kg5 41. d6 1-0

[Event "DRUGA LIGA CENTRALNE SRBIJE - Zapad"]
[Site "Vrnjacka banja"]
[Date "2013.??.??"]
[Round "1.3"]
[White "Tomic, Miroslav Lj"]
[Black "Mirkovic, Stevan*"]
[Result "1/2-1/2"]
[WhiteElo "2172"]
[BlackElo "2293"]
[PlyCount "29"]
[EventDate "2013.10.10"]

1. d4 d5 2. Nf3 Nf6 3. c4 dxc4 4. Nc3 e6 5. e3 c5 6. Bxc4 Nc6 7. Bb5 Bd7 8. O-O
Be7 9. b3 O-O 10. Bb2 cxd4 11. Nxd4 Nxd4 12. Qxd4 Bxb5 13. Qxd8 Rfxd8 14. Nxb5
Rd2 15. Bc3 1/2-1/2

[Event "DRUGA LIGA CENTRALNE SRBIJE - Zapad"]
[Site "Vrnjacka banja"]
[Date "2013.??.??"]
[Round "1.3"]
[White "Gavrilovic, Leonardo"]
[Black "Vujovic, Radojica"]
[Result "0-1"]
[WhiteElo "2261"]
[BlackElo "2083"]
[PlyCount "69"]
[EventDate "2013.10.10"]

1. Nf3 Nf6 2. c4 c5 3. Nc3 Nc6 4. d4 cxd4 5. Nxd4 e6 6. g3 Bc5 7. Nb3 Bb4 8.
Bg2 O-O 9. O-O a6 10. Qc2 h6 11. Rd1 Qc7 12. Nd5 exd5 13. cxd5 Bd6 14. dxc6
dxc6 15. Bd2 Re8 16. Ba5 Qe7 17. Qd2 Bc7 18. Bxc7 Qxc7 19. Nd4 Bd7 20. Rac1
Rad8 21. b4 Qe5 22. Rc5 Qe7 23. Qc2 g6 24. a3 Kh7 25. Rc3 Kg8 26. Re3 Qf8 27.
Rxe8 Qxe8 28. Nb3 Bf5 29. Rxd8 Qxd8 30. e4 Bxe4 31. Bxe4 Nxe4 32. Na5 Qd5 33.
Nxb7 Ng5 34. h4 Nf3+ 35. Kf1 0-1

[Event "DRUGA LIGA CENTRALNE SRBIJE - Zapad"]
[Site "Vrnjacka banja"]
[Date "2013.??.??"]
[Round "1.3"]
[White "Milovanovic, Nebojsa"]
[Black "Matovic, Petar"]
[Result "1-0"]
[WhiteElo "2115"]
[BlackElo "2244"]
[PlyCount "119"]
[EventDate "2013.10.10"]

1. e4 d5 2. exd5 Qxd5 3. Nc3 Qa5 4. Nf3 Nf6 5. h3 Bf5 6. g3 e6 7. Bg2 c6 8. O-O
Be7 9. Re1 O-O 10. Nd4 Bg6 11. Nb3 Qc7 12. a4 a5 13. d3 Nbd7 14. Nd2 Bc5 15.
Qf3 Nd5 16. Nc4 Bd4 17. Ne2 Bf6 18. Nf4 Ne5 19. Nxe5 Bxe5 20. Nxg6 hxg6 21. Qe4
Bd6 22. d4 b5 23. c3 Rab8 24. Qf3 c5 25. dxc5 Qxc5 26. axb5 Qxb5 27. Re4 Qc5
28. Bf1 Rfd8 29. h4 Qb6 30. Rea4 Ra8 31. Kg2 Bc7 32. h5 gxh5 33. Qxh5 Qb7 34.
Qf3 Rab8 35. Be2 Bb6 36. Bg5 Rf8 37. Bd3 f6 38. Bd2 Rfe8 39. Rh4 f5 40. Bb5 Rf8
41. c4 Bd8 42. Rd4 Bf6 43. Rd3 Bxb2 44. Rb1 f4 45. g4 Ne3+ 46. fxe3 fxe3 47.
Qxb7 Rf2+ 48. Kg1 Rxb7 49. Bxe3 Rc2 50. Rd2 Rxd2 51. Bxd2 Bd4+ 52. Kf1 a4 53.
Bb4 Rf7+ 54. Ke2 Rf4 55. Bxa4 Rxg4 56. Bc6 Rf4 57. Bd6 Rf5 58. Rb8+ Kf7 59.
Rf8+ Kg6 60. Be4 1-0

[Event "DRUGA LIGA CENTRALNE SRBIJE - Zapad"]
[Site "Vrnjacka banja"]
[Date "2013.??.??"]
[Round "1.3"]
[White "Radosavljevic, Slobodan S"]
[Black "Lazic, Miodrag"]
[Result "0-1"]
[WhiteElo "2192"]
[BlackElo "2003"]
[PlyCount "115"]
[EventDate "2013.10.10"]

1. d4 Nf6 2. Nf3 g6 3. g3 Bg7 4. Bg2 O-O 5. O-O d6 6. Nbd2 c6 7. e4 Qc7 8. Re1
Nbd7 9. c3 e5 10. Nc4 Nxe4 11. dxe5 d5 12. Bf4 Qd8 13. Ncd2 Ndc5 14. Nxe4 Nxe4
15. h4 Qb6 16. Qc2 Bf5 17. Qe2 Bg4 18. Be3 Qc7 19. Qd3 Rfe8 20. Nd4 Nc5 21. Qc2
Bxe5 22. c4 Ne6 23. Nxe6 Bxe6 24. cxd5 Bxd5 25. Bxd5 cxd5 26. Qxc7 Bxc7 27.
Red1 Bxg3 28. Bg5 Be5 29. Rxd5 Bxb2 30. Rb1 Re2 31. Bd2 Bf6 32. Rxb7 Re7 33.
Rxe7 Bxe7 34. h5 Rd8 35. Rxd8+ Bxd8 36. hxg6 hxg6 37. Kg2 f6 38. Kf3 Kf7 39.
Ke4 Ke6 40. f3 f5+ 41. Kd4 g5 42. a4 Bb6+ 43. Kc4 g4 44. a5 Bf2 45. fxg4 fxg4
46. Kd3 Kd5 47. Ke2 Bc5 48. Kf1 a6 49. Kg2 Bd6 50. Be3 Bc7 51. Bd2 Kc6 52. Kf2
Kb5 53. Bc3 Bxa5 54. Be5 Kc6 55. Kg3 Bc7 56. Bxc7 Kxc7 57. Kxg4 a5 58. Kf3 0-1

[Event "DRUGA LIGA CENTRALNE SRBIJE - Zapad"]
[Site "Vrnjacka banja"]
[Date "2013.??.??"]
[Round "1.3"]
[White "Leontic, Ivica*"]
[Black "Roljevic, Djordje"]
[Result "1/2-1/2"]
[WhiteElo "2066"]
[BlackElo "2078"]
[PlyCount "37"]
[EventDate "2013.10.10"]

1. d4 Nf6 2. c4 e6 3. Nc3 Bb4 4. Nf3 O-O 5. e3 c5 6. Bd3 Bxc3+ 7. bxc3 d6 8.
O-O Nc6 9. Bb2 e5 10. Nd2 Re8 11. Qc2 Qe7 12. Ne4 h6 13. Rad1 Nxe4 14. Bxe4
exd4 15. Bxc6 bxc6 16. cxd4 cxd4 17. exd4 d5 18. cxd5 cxd5 19. Qd2 1/2-1/2

[Event "DRUGA LIGA CENTRALNE SRBIJE - Zapad"]
[Site "Vrnjacka banja"]
[Date "2013.??.??"]
[Round "1.5"]
[White "Marcetic, Predrag"]
[Black "Savicevic, Vlatko"]
[Result "1/2-1/2"]
[WhiteElo "2284"]
[BlackElo "2320"]
[PlyCount "29"]
[EventDate "2013.10.10"]

1. e4 d6 2. d4 Nf6 3. Nc3 g6 4. Bg5 Bg7 5. Qd2 c6 6. Bh6 Bxh6 7. Qxh6 Qa5 8. f3
c5 9. Qd2 cxd4 10. Nb5 Qb6 11. Qxd4 Qxd4 12. Nxd4 O-O 13. O-O-O Nc6 14. Nge2
Bd7 15. Nc3 1/2-1/2

[Event "DRUGA LIGA CENTRALNE SRBIJE - Zapad"]
[Site "Vrnjacka banja"]
[Date "2013.??.??"]
[Round "1.5"]
[White "Simic, Dragisa"]
[Black "Milosevic, Zoran"]
[Result "1/2-1/2"]
[WhiteElo "2296"]
[BlackElo "2243"]
[PlyCount "54"]
[EventDate "2013.10.10"]

1. e4 c5 2. Nf3 e6 3. d4 cxd4 4. Nxd4 Nf6 5. Nc3 d6 6. Be3 a6 7. f3 Nbd7 8. Qd2
b5 9. a3 Bb7 10. O-O-O Rc8 11. g4 Ne5 12. g5 Nfd7 13. h4 Nb6 14. h5 Nbc4 15.
Bxc4 Nxc4 16. Qe1 Be7 17. f4 Nxe3 18. Qxe3 Qc7 19. g6 Bf6 20. gxf7+ Kxf7 21.
Rhe1 Qe7 22. Rf1 Bxd4 23. Rxd4 Rhd8 24. f5 exf5 25. Rxf5+ Kg8 26. Qf4 Rc4 27.
Rxc4 bxc4 1/2-1/2

[Event "DRUGA LIGA CENTRALNE SRBIJE - Zapad"]
[Site "Vrnjacka banja"]
[Date "2013.??.??"]
[Round "1.5"]
[White "Vasic, Vladimir"]
[Black "Biljanic, Ljubomir"]
[Result "0-1"]
[WhiteElo "2170"]
[BlackElo "2333"]
[PlyCount "76"]
[EventDate "2013.10.10"]

1. e4 d6 2. d4 Nf6 3. Nc3 g6 4. Be2 Bg7 5. g4 d5 6. e5 Ne4 7. Qd3 Nxc3 8. Qxc3
f6 9. exf6 exf6 10. Bf4 c6 11. O-O-O Nd7 12. Bd6 Nb6 13. Qg3 Be6 14. b3 Nc8 15.
Bc5 b6 16. Ba3 a5 17. Kb1 a4 18. Bb4 axb3 19. cxb3 c5 20. Bb5+ Kf7 21. dxc5 Na7
22. Bc4 Nc6 23. Bc3 bxc5 24. Ne2 Na5 25. Bd3 c4 26. Bc2 cxb3 27. axb3 Qb8 28.
Qxb8 Rhxb8 29. Nd4 Bxg4 30. f3 Bd7 31. Ne2 Nxb3 32. Bxb3 Rxb3+ 33. Kc2 Raa3 34.
Rxd5 Ba4 35. Kd2 Bh6+ 36. f4 Bc6 37. Rc5 Bxh1 38. Rc7+ Ke8 0-1

[Event "DRUGA LIGA CENTRALNE SRBIJE - Zapad"]
[Site "Vrnjacka banja"]
[Date "2013.??.??"]
[Round "1.5"]
[White "Adzic, Momcilo"]
[Black "Djokovic, Nebojsa"]
[Result "1/2-1/2"]
[WhiteElo "2258"]
[BlackElo "2129"]
[PlyCount "63"]
[EventDate "2013.10.10"]

1. e4 e5 2. Nf3 Nc6 3. Bb5 f5 4. Nc3 fxe4 5. Nxe4 Nf6 6. d3 d5 7. Ng3 Bd6 8. d4
e4 9. Ne5 Bxe5 10. dxe5 Ng4 11. h3 Ngxe5 12. Qh5+ Nf7 13. Be3 Be6 14. O-O-O Qe7
15. Kb1 O-O 16. Rhe1 Nd6 17. Bf1 Qf7 18. Qxf7+ Rxf7 19. b3 Ne7 20. Nh1 Nef5 21.
Bf4 Nh4 22. Be5 Re8 23. Bg3 Ng6 24. a4 Nf5 25. Bh2 c5 26. Kb2 Nd4 27. Rd2 Nc6
28. Bd6 b6 29. Bb5 Rc8 30. f3 Nd4 31. fxe4 Nxb5 32. axb5 1/2-1/2

[Event "DRUGA LIGA CENTRALNE SRBIJE - Zapad"]
[Site "Vrnjacka banja"]
[Date "2013.??.??"]
[Round "1.5"]
[White "Vuksanovic, Zvezdan"]
[Black "Jelisavcic, Srdjan"]
[Result "1-0"]
[WhiteElo "2178"]
[BlackElo "2095"]
[PlyCount "73"]
[EventDate "2013.10.10"]

1. e4 e5 2. Nf3 Nc6 3. Bb5 a6 4. Ba4 Nf6 5. O-O b5 6. Bb3 Be7 7. Re1 Bb7 8. c3
d5 9. exd5 Nxd5 10. Nxe5 Nxe5 11. Rxe5 Nf4 12. d4 Nxg2 13. d5 Nh4 14. Bg5 Ng6
15. Bxe7 Nxe7 16. Qe2 Qd6 17. Nd2 Kd8 18. Re1 Re8 19. c4 Bc8 20. Qe3 f6 21. Re4
f5 22. Re5 Qg6+ 23. Kh1 Qf6 24. f4 bxc4 25. Bxc4 Rb8 26. b3 Rb6 27. Nf3 Bd7 28.
Nd4 Qf8 29. Ne6+ Rxe6 30. dxe6 Bc6+ 31. Kg1 Qf6 32. Bxa6 Qg6+ 33. Qg3 Nc8 34.
Qxg6 hxg6 35. Bxc8 Kxc8 36. e7 Rh8 37. e8=Q+ 1-0

[Event "DRUGA LIGA CENTRALNE SRBIJE - Zapad"]
[Site "Vrnjacka banja"]
[Date "2013.??.??"]
[Round "1.5"]
[White "Mijanovic, Dragan"]
[Black "Nonkovic, Nikola**"]
[Result "1-0"]
[WhiteElo "2086"]
[BlackElo "1860"]
[PlyCount "87"]
[EventDate "2013.10.10"]

1. d4 d5 2. Nf3 Bf5 3. b3 Nf6 4. e3 e6 5. Bb2 Bd6 6. Nbd2 Nbd7 7. Be2 O-O 8.
O-O Re8 9. c4 c6 10. Ne5 Nf8 11. f4 N6d7 12. g4 Be4 13. Nxe4 dxe4 14. Qb1 f5
15. Qe1 Qe7 16. Rc1 c5 17. gxf5 exf5 18. Nxd7 Nxd7 19. Rd1 cxd4 20. Bxd4 Rad8
21. Kh1 Bc5 22. Bc3 Nf6 23. Qg3 Rd6 24. Rb1 Rb6 25. Rfd1 Rd8 26. Rxd8+ Qxd8 27.
Ba5 Qc7 28. b4 Be7 29. Qe1 Qc8 30. Bxb6 axb6 31. Qc3 h5 32. Qd4 Qc6 33. Bd1 h4
34. h3 Kh7 35. a3 Ng8 36. Be2 Bf6 37. Qd5 Qc8 38. Rd1 Nh6 39. Qd7 Qg8 40. a4
Qf8 41. Bh5 Qxb4 42. Qe8 Ng8 43. Bg6+ Kh8 44. Bf7 1-0